Bola jaring
| Main Author: | |
|---|---|
| Format: | Book |
| Published: |
Kuala Lumpur :
Goodmark Enterprise ,
1995
|
| Series: | Siri ke arah bintang sukan
|
| Subjects: |
MARC
| LEADER | 00000cam a2200000 7i4500 | ||
|---|---|---|---|
| 001 | 0000007000 | ||
| 002 | 000007537 | ||
| 005 | 20000330.0 | ||
| 020 | |a 9830570932 | ||
| 090 | 0 | 0 | |a 796.32 |b AHM |
| 100 | 0 | |a Ahmad Wafi | |
| 245 | 1 | 0 | |a Bola jaring |c Ahmad Wafi |
| 260 | |a Kuala Lumpur : |b Goodmark Enterprise , |c 1995 | ||
| 300 | |a 122 p. : |b ill. ; |c 28 cm. | ||
| 490 | 0 | |a Siri ke arah bintang sukan | |
| 650 | 0 | 0 | |a Basketball |x Manuals |
| 999 | |a 051131 |b BUKU |c RUJUKAN |e PERPUSTAKAAN KOMUNITI PETALING JAYA | ||
| 999 | |a 051132 |b BUKU |c PINJAMAN |e PERPUSTAKAAN KOMUNITI PETALING JAYA | ||